000 00285nam a2200109Ia 4500
008 200302s9999 xx 000 0 und d
100 _aVandana Vasudevan
245 _aUrban Villager - Life in an Indian Satellite Town
260 _bSage Publications
260 _c2013
300 _a278 P
999 _c4329
_d4329